Responses for show #3143 - Wednesday, April 8, 1998

Contestants

[<< previous game]

Marsha Allen, an astronomer originally from St. Louis, Missouri

Matt Jerram, a graduate student originally from Portsmouth, New Hampshire

Pat Pauken, an attorney and educator from Columbus, Ohio (whose 1-day cash winnings total $7,200)

[next game >>]

Jeopardy! Round responses

SMOOCHING IN SHAKESPEARE
SPRING CLEANING
PEOPLE & PLACES
GAME SHOW WOMEN
NATIONAL GEOGRAPHIC
"TH"- THAT'S ALL, FOLKS!
    $100 21
Hamlet

Marsha
    $100 11
Telephone

Pat
    $100 12
Hawaii

Pat
    $100 1
Wheel of Fortune

Pat
    $100 26
Hippopotamus

Matt
    $100 6
Thimbles

Matt
    $200 22
Judas Iscariot

Pat
    $200 15
Refrigerator/Freezer

Matt
    $200 13
Georgians

Pat
    $200 2
Baywatch

Pat
    $200 27
Genghis Khan

Matt
    $200 7
Thoroughbred

Pat
    $300 23
Taming of the Shrew

Pat
    $300 16
Vacuum cleaner

Matt
    $300 14
Fleming

Matt
    $300 3
Singled Out

Matt
    $300 28
Mars

Marsha
    $300 8
Thiamine

Matt
    $700 24
(P: Who is Othello?)

Iago

Pat
    $400 17
Vinegar

Matt
    $400 19
Caracas

Pat
    $400 4
(Alex: Worked with her!)

Concentration

Matt
    $400 29
Rock of Gibraltar

Matt
    $400 9
Thresher

Matt
    $500 25
(Matt: Who are Romeo & Juliet?)
(we have about a minute to go, Pat...)

Antony & Cleopatra

Matt
Triple Stumper
    $500 18
Baking soda

Pat
    $500 20
Birmingham

Triple Stumper
    $500 5
(Alex: Worked on that one, too!)

High Rollers

Matt
    $500 30
Butter

Matt
    $500 10
Thespian

Matt

Scores at the first commercial break (after clue 15):

Pat Matt Marsha
$900 $3,000 $0

Scores at the end of the Jeopardy! Round:

Pat Matt Marsha
$1,600 $4,400 $400

Double Jeopardy! Round responses

'60s POP MUSIC
1910
FRUIT
GUM COMPANIES
SIMON
SEZ
    $200 6
"Dancing In The Street"

Matt
    $200 1
Ohio

Pat
    $200 11
Valencia

Pat
    $200 12
(P: What is Carefree?)
(Matt: What is Dentyne?)

Trident

PatMatt
Triple Stumper
    $200 13
Neil Simon

Pat
    $200 22
Winning

Matt
    $400 7
Brian Wilson

Marsha
    $400 2
Women's Wear Daily

Marsha
    $400 18
Pears

Marsha
    $400 27
Bazooka

Pat
    $400 14
Carly Simon

Marsha
    $400 23
Phyllis Diller

Marsha
    $600 8
(Matt: What is "I saw you standing there"?)

"I saw her standing there"

MattMarsha
    $600 3
Penn Station

Marsha
    $600 19
Cantaloupe

Matt
    $600 28
Chiclets

Marsha
    $600 15
Simon Legree

Pat
    $600 24
Clayton Moore (The Lone Ranger)

Marsha
    $2,000 9
The Statler Brothers

Marsha
    $800 4
Julia Ward Howe (Battle Hymn of the Republic)

Pat
    $800 20
Pomegranate

Marsha
    $800 29
Topps

Pat
    $800 16
Paul Simon

Pat
    $800 25
Architecture

Triple Stumper
    $1000 10
(Marsha: Who is Dusty Springfield?)
(Matt: Who is Al Green?)

Jackie DeShannon

MattMarsha
Triple Stumper
    $1000 5
Howards End

Pat
    $1000 21
Pepper

Pat
    $1,300 30
(P: What is Nescafe gum? - I have no idea!)

Nicorette (for those who still needed the nicotine)

Pat
    $1000 17
Simon Wiesenthal

Marsha
    $1000 26
(and we have about a minute left...)

An oncoming train

Marsha

Scores at the end of the Double Jeopardy! Round:

Pat Matt Marsha
$6,100 $3,600 $8,600

[wagering suggestions for these scores]

Final Jeopardy! Round responses

ACTORS & THEIR FILMS
MattWhat is 1984?
$3,600
PatWhat is 1984?
$1,100
MarshaWhat is 1984
$3,601
1984

Final scores:

Pat Matt Marsha
$7,200 $7,200 $12,201
2nd place: Trip to Gran Hotel Bahia del Duque, Tenerife, Canary Islands 3rd place: DuPont/Coleman Camping Equipment New champion: $12,201

Game dynamics:

Coryat scores:

Pat Matt Marsha
$8,100 $3,600 $7,400
20 R,
3 W
(including 2 DDs)
18 R,
4 W
15 R
(including 1 DD),
1 W

Combined Coryat: $19,100

The J! Archive is created by fans, for fans. The Jeopardy! game show and all elements thereof, including but not limited to copyright and trademark thereto, are the property of Jeopardy Productions, Inc. and are protected under law. This website is not affiliated with, sponsored by, or operated by Jeopardy Productions, Inc. Join the discussion at JBoard.tv.